Giáo trình cấu trúc Dữ liệu & Giải thuật Java Lập trình chuyên nghiệp cùng các chuyên gia

.

Guardado en:
Detalles Bibliográficos
Formato: Libro
Lenguaje:Vietnamese
Publicado: H. Nxb Thống Kê 2002
Materias:
Etiquetas: Agregar Etiqueta
Sin Etiquetas, Sea el primero en etiquetar este registro!
Thư viện lưu trữ: Mạng thư viện Đại học Đà Nẵng
LEADER 01133nam a2200325 4500
001 000012970
003 9297
005 20120305160338.0
008 120305s2002 viesd
020 |c 76000đ 
041 0 |a vie 
082 |a 005.73  |b GIA 
245 0 |a Giáo trình cấu trúc Dữ liệu & Giải thuật Java  |b Lập trình chuyên nghiệp cùng các chuyên gia  |c Nguyễn Tiến, Nguyễn Văn Hoài, Đặng Xuân Hường, Nguyễn Hữu Bình 
260 |a H.  |b Nxb Thống Kê  |c 2002 
300 |a 761 tr  |c 21 cm 
520 |a . 
653 |a Giáo trình 
653 |a cấu trúc Dữ liệu & Giải thuật 
653 |a Java 
653 |a Tin học 
OWN |a LSP 
AVA |a UDN50  |b LSP  |d 005.73 GIA  |e available  |t Error 5001 Not defined in file expand_doc_bib_avail.  |f 4  |g 0  |h N  |i 0  |k 1 
999 |a From the UDN01 
AVA |a UDN50  |b LSP  |d 005.73 GIA  |e available  |t Error 5001 Not defined in file expand_doc_bib_avail.  |f 4  |g 0  |h N  |i 0  |k 1 
TYP |a Monograph 
TYP |a Printed language 
980 |a Mạng thư viện Đại học Đà Nẵng